A Jesuit off-broadway (Record no. 64340)
[ view plain ]
| 000 -LEADER | |
|---|---|
| fixed length control field | 00658nam a2200241Ia 4500 |
| 003 - CONTROL NUMBER IDENTIFIER | |
| control field | 0100 |
| 008 - FIXED-LENGTH DATA ELEMENTS--GENERAL INFORMATION | |
| fixed length control field | 130303s9999 xx 000 0 und d |
| 020 ## - INTERNATIONAL STANDARD BOOK NUMBER | |
| International Standard Book Number | 0829425829 |
| 040 ## - CATALOGING SOURCE | |
| Transcribing agency | ARRUPELIB |
| 050 ## - LIBRARY OF CONGRESS CALL NUMBER | |
| Classification number | PS3607.U49L373 2007 |
| 300 ## - PHYSICAL DESCRIPTION | |
| Other physical details | 24cm. |
| 100 ## - MAIN ENTRY--PERSONAL NAME | |
| Personal name | Martin, James |
| 245 #2 - TITLE STATEMENT | |
| Title | A Jesuit off-broadway |
| 245 ## - TITLE STATEMENT | |
| Remainder of title | center stage with Jesus, Judas, and life's big questions |
| 260 ## - PUBLICATION, DISTRIBUTION, ETC. (IMPRINT) | |
| Place of publication, distribution, etc | Chicago |
| 260 ## - PUBLICATION, DISTRIBUTION, ETC. (IMPRINT) | |
| Name of publisher, distributor, etc | Loyola Press |
| 260 ## - PUBLICATION, DISTRIBUTION, ETC. (IMPRINT) | |
| -- | 2007 |
| 300 ## - PHYSICAL DESCRIPTION | |
| Extent | 252p. |
| 650 ## - SUBJECT ADDED ENTRY--TOPICAL TERM | |
| Topical term following geographic name as entry element | Christian ethics - Catholic authors |
| 650 ## - SUBJECT ADDED ENTRY--TOPICAL TERM | |
| Location of event | Conscience - Religious aspects - Catholic Church |
| 650 ## - SUBJECT ADDED ENTRY--TOPICAL TERM | |
| Active dates | Decision-making (Ethics) |
| 942 ## - ADDED ENTRY ELEMENTS (KOHA) | |
| Source of classification or shelving scheme | Library of Congress Classification |
| Koha issues (borrowed), all copies | 1 |
| Withdrawn status | Lost status | Source of classification or shelving scheme | Damaged status | Not for loan | Collection code | Home library | Current library | Shelving location | Date acquired | Total Checkouts | Full call number | Barcode | Date last seen | Date checked out | Copy number | Price effective from | Koha item type |
|---|---|---|---|---|---|---|---|---|---|---|---|---|---|---|---|---|---|
| Library of Congress Classification | Main Collection | ARRUPE LIBRARY | ARRUPE LIBRARY | 05/03/2013 | 1 | PS3607.U49L373 2007 | 46003096663 | 23/12/2014 | 10/12/2014 | 1 | 05/03/2013 | Monograph ( Printed materials) |